Language Quiz

Random Language or French Quiz

Dyson French new GCSE Technology reverse Quiz Stats

Quiz not verified by Sporcle

Challenge
Share
Tweet
Embed
Score 0/150 Timer 20:00
0 Plays Today
Hint Answer % Correct
Ije
96.6%
sheelle
93.1%
heil
93.1%
wenous
89.7%
to chattchatter
82.8%
there
79.3%
ofde
79.3%
theyelles
79.3%
youtu
79.3%
lifela vie
79.3%
to like/to loveaimer
79.3%
to sharepartager
79.3%
as/likecomme
75.9%
expensivecher
75.9%
a blogun blog
75.9%
an smsun sms
75.9%
to playjouer
75.9%
to thinkpenser
75.9%
to like/to loveadorer
75.9%
alltout
72.4%
one can/we canon peut
72.4%
oftensouvent
72.4%
some friendsdes amis
72.4%
a selfieun selfie
72.4%
to commentcommenter
72.4%
to worktravailler
72.4%
to watchregarder
72.4%
to writeécrire
69%
we playnous jouons
69%
a wallun mur
69%
to sendenvoyer
69%
to contactcontacter
69%
to stayrester
69%
i canje peux
65.5%
you watchtu regardes
65.5%
onlineen ligne
65.5%
some videosdes vidéos
65.5%
to phonetéléphoner
65.5%
to preferpréférer
65.5%
to downloadtélécharger
62.1%
to becomedevenir
62.1%
everydaytous les jours
62.1%
to showmontrer
62.1%
to findtrouver
62.1%
to communicatecommuniquer
62.1%
i mustje dois
58.6%
a computerun ordinateur
58.6%
cheapbon marché
58.6%
to dofaire
58.6%
I phoneje téléphone
58.6%
Hint Answer % Correct
to flirtdraguer
58.6%
verytrès
55.2%
i doje fais
55.2%
a readerun lecteur
55.2%
a mouseune souris
55.2%
addictedaccro
55.2%
a good planun bon-plan
55.2%
she contactselle contacte
55.2%
a mateun copain
55.2%
to expressexprimer
51.7%
oldvieux
51.7%
a dvd playerun lecteur dvd
51.7%
a cd playerun lecteur cd
51.7%
a networkun résau
51.7%
sometimesquelquefois
51.7%
a private messageun message privé
51.7%
to discussdiscuter
51.7%
to seevoir
48.3%
the time/the weatherle temps
48.3%
i knowje sais
48.3%
a songune chanson
48.3%
in order toafin de
48.3%
i am rightj'ai raison
44.8%
thanks togrâce à
44.8%
i liveje vis
44.8%
i wantje veux
44.8%
a flat screenun écran plat
44.8%
a laptopun ordinateur portable
44.8%
a mobile/a mobile phoneun portable
44.8%
unfortunatelymalheureusement
44.8%
a photoune photo
44.8%
fastrapide
41.4%
sincedepuis
41.4%
i sleepje dors
41.4%
i seeje vois
41.4%
a social networkun résau social
41.4%
all the timetout le temps
41.4%
a group discussionun forum de discussion
41.4%
to keepgarder
37.9%
to fillremplir
37.9%
bettermieux
37.9%
i go outje sors
37.9%
newnouveau
37.9%
to wander/to walkse balader
37.9%
a landlineun téléphone fixe
37.9%
to switch onallumer
34.5%
quite/enoughassez
34.5%
i am wrongj'ai tort
34.5%
i don't knowje ne sais pas
34.5%
to allow/to permitpermettre
34.5%
Hint Answer % Correct
withoutsans
34.5%
i sayje dis
34.5%
somethingquelque chose
34.5%
as well asainsi que
34.5%
in as much asdans la mesure où
34.5%
they showils montrent
34.5%
to tellraconter
34.5%
to switch offéteindre
31%
isolatedisolé
31%
selfishégoïste
31%
noonepersonne
31%
the dayla journée
31%
a giant screenun écran géant
31%
a notebookun mini PC
31%
inapropriateinaproprié
31%
althoughbien que
31%
satnavle GPS
27.6%
reallyvraiment
27.6%
a surveyun sondage
27.6%
whatce que
27.6%
i comeje viens
27.6%
heavylourd
27.6%
a controllerune manette
27.6%
realityla réalité
27.6%
an advertune publicité
27.6%
a callun appel
24.1%
a professional networkun résau professionel
24.1%
disgustingdégoûtant
20.7%
a diaryun agenda
20.7%
i needj'ai besoin
20.7%
a topicun sujet
20.7%
it does not workça ne marche pas
20.7%
the last modelle dernier modèle
20.7%
free/free of chargegratuit
20.7%
restrictionsdes restrictions
20.7%
cyber bullyingla cyber-intimidation
20.7%
because ofà cause de
17.2%
themeux
17.2%
slowlent
17.2%
it worksil marche bien
17.2%
despitemalgré
17.2%
in the process ofen train de
13.8%
in case of emergencyen cas d'urgence
10.3%
that's enough for meça me suffit
10.3%
switched offéteint
6.9%
lightléger
6.9%
on the other handd'un autre côté
6.9%
to trustfaire confiance à
3.4%
a smart watchune montre connectée
3.4%
to belongfaire partie de
0%

You're not logged in!

Compare scores with friends on all Sporcle quizzes.
Sign Up with Email
OR
Log In

You Might Also Like...

Show Comments

Extras

Top Quizzes Today


Score Distribution

Your Account Isn't Verified!

In order to create a playlist on Sporcle, you need to verify the email address you used during registration. Go to your Sporcle Settings to finish the process.